000 00321nam a22001457a 4500
008 221006b ||||| |||| 00| 0 eng d
020 _a9781423416180
041 _aeng
080 _a781
082 _a781 LEO
100 _a20.1
101 _aMUZ
245 _aUKULELE METHOD BOOK 1 .2.3
_cLEONARD H
942 _2udc
_cBK
999 _c58387
_d58387